[Event "GER-chT U10"]
[Site "Magdeburg"]
[Date "2013.12.28"]
[Round "4.3"]
[White "Eisenhardt, Moritz"]
[Black "Holubek, Oliver"]
[Result "1-0"]
[WhiteElo "600"]
[BlackElo "820"]
[PlyCount "97"]
[EventDate "2013.12.27"]
[EventType "team-swiss"]
[EventRounds "5"]
[EventCountry "GER"]
[SourceTitle "EXT 2015"]
[Source "ChessBase"]
[SourceDate "2014.11.20"]
[SourceVersion "1"]
[SourceVersionDate "2014.11.20"]
[SourceQuality "1"]
[WhiteTeam "Rommelshausen"]
[BlackTeam "Karlsruhe"]
[WhiteTeamCountry "GER"]
[BlackTeamCountry "GER"]

1. e4 e5 2. c4 Nf6 3. d3 h6 4. g3 Nc6 5. Nc3 Bb4 6. Bg2 d6 7. Nge2 Bg4 8. a3 Ba5 9. Rb1 0-0 10. b4 Bb6 11. f3 Bh5 12. d4 a6 13. 0-0 Bxd4+ 14. Rf2 Bxf2+ 15. Kxf2 Qd7 16. f4 Rad8 17. Qf1 Bxe2 18. Kxe2 Rfe8 19. Be3 Ng4 20. Bh3 g6 21. Nd5 Qe6 22. Nxc7 Qxc4+ 23. Ke1 Qxf1+ 24. Kxf1 Re7 25. Nd5 Nxe3+ 26. Nxe3 Nd4 27. Rd1 Nb5 28. f5 Kg7 29. Ng4 h5 30. f6+ Kf8 31. fxe7+ Ke8 32. exd8Q+ Kxd8 33. Nxe5 Nxa3 34. Nxf7+ Ke7 35. e5 dxe5 36. Nxe5 Nc2 37. Nxg6+ Kf6 38. Bg2 Ne3+ 39. Ke2 Nxd1 40. Kxd1 Kxg6 41. Bxb7 Kg5 42. Bxa6 Kg4 43. b5 Kh3 44. b6 Kxh2 45. b7 Kxg3 46. b8Q+ Kh4 47. Bc8 Kg5 48. Qe5+ Kh4 49. Qf4# 1-0

[Event "GER-chT U10"]
[Site "Magdeburg"]
[Date "2013.12.27"]
[Round "1.3"]
[White "Grone, Marvin"]
[Black "Eisenhardt, Moritz"]
[Result "1-0"]
[WhiteElo "1003"]
[BlackElo "600"]
[PlyCount "51"]
[EventDate "2013.12.27"]
[EventType "team-swiss"]
[EventRounds "5"]
[EventCountry "GER"]
[SourceTitle "EXT 2015"]
[Source "ChessBase"]
[SourceDate "2014.11.20"]
[SourceVersion "1"]
[SourceVersionDate "2014.11.20"]
[SourceQuality "1"]
[WhiteTeam "Bremen West"]
[BlackTeam "Rommelshausen"]
[WhiteTeamCountry "GER"]
[BlackTeamCountry "GER"]

1. e4 e5 2. Nf3 Nc6 3. Bb5 Bb4 4. a3 Ba5 5. b4 Bb6 6. 0-0 Nf6 7. Nc3 0-0 8. d3 Ng4 9. h3 Nf6 10. Bg5 h6 11. Bh4 g5 12. Bg3 d5 13. Nxe5 Bd4 14. Nxc6 bxc6 15. Bxc6 Ba6 16. Bxa8 Qxa8 17. Qd2 Qc8 18. Rab1 g4 19. Kh2 gxh3 20. gxh3 Kh8 21. Qxh6+ Kg8 22. Nxd5 Qe6 23. Nxf6+ Bxf6 24. Rg1 Qc6 25. Be5+ Bg7 26. Rxg7# 1-0